000 00852cab a2200301 4500
001 ABS51072
008 090401t1994 xxu||||| |||| 00| 0 eng d
035 _a(Sirsi) u8039
041 _aeng
245 _aFocus `94: West Scotland
260 _c1994
350 _a0
490 _aEstates Gazette
_v(9427) 9 July 1994, 95-120(17)
650 _aAYR
650 _aDUMFRIES
650 _aGLASGOW
650 _aINDUSTRIAL MARKET
650 _aIRVINE
650 _aKILMARNOCK
650 _aPROPERTY-COMMERCIAL PROPERTY-OFFICE PROPERTY-OFFICE PROPERTY MARKET
650 _aPROPERTY-COMMERCIAL PROPERTY-RETAIL PROPERTY-RETAIL PROPERTY MARKET
650 _aRETAIL WAREHOUSE MARKET
650 _aSCOTLAND
650 _aSTRATHCLYDE
690 _aPROPERTY-COMMERCIAL PROPERTY-COMMERCIAL PROPERTY MARKET
942 _n0
948 _c04/03/1997
999 _c4898
_d4898